|
|
|
|
| LEADER |
00000cam a2200000 7i4500 |
| 001 |
0000004490 |
| 002 |
000004834 |
| 005 |
20011109.0 |
| 020 |
|
|
|a 9837200065
|
| 090 |
0 |
0 |
|a 658.84
|b HAR
|
| 100 |
1 |
|
|a Harlan, Raymond C.
|
| 245 |
1 |
0 |
|a Telemarketing that warks :
|b how to create a winning program for your company
|c Raymond c.Harlanand Walter M.Woolfson,Jr.
|
| 260 |
|
|
|a Kuala Lumpur :
|b Golden Books Centre ,
|c 1991
|
| 300 |
|
|
|a 210p. ;
|c 24cm.
|
| 490 |
0 |
|
|a The entrepreneur's guide series
|
| 650 |
0 |
0 |
|a Telemarketing
|
| 700 |
0 |
|
|a Woolfson, Walteg M.
|
| 999 |
|
|
|a 033277
|b BUKU
|c PINJAMAN
|e PERPUSTAKAAN KOMUNITI PETALING JAYA
|